Náklady a výnosy podnikateľskej účtovnej jednotky – identifikácia, oceňovanie, vykazovanie diplomová práca

Saved in:
Bibliographic Details
Main Author: Kopecký, Mário
Corporate Author: Fakulta hospodárskej informatiky EU. Katedra účtovníctva a audítorstva
Other Authors: Šlosárová, Anna
Format: Book
Language:Slovak
Published: Bratislava 2016
Tags: Add Tag
No Tags, Be the first to tag this record!

MARC

LEADER 00000nbm a2200000 4500
001 0216890
005 20240905085511.8
041 0 |a slo 
044 |a SK 
245 1 0 |a Náklady a výnosy podnikateľskej účtovnej jednotky – identifikácia, oceňovanie, vykazovanie  |b diplomová práca  |c Mário Kopecký ; školiteľ: Anna Šlosárová 
264 1 |a Bratislava  |c 2016 
300 |a 70 s. 
100 1 |a Kopecký, Mário 
700 1 |a Šlosárová, Anna 
710 2 |a Fakulta hospodárskej informatiky EU. Katedra účtovníctva a audítorstva